| 000 | 00582nam a22002057a 4500 | ||
|---|---|---|---|
| 003 | OSt | ||
| 005 | 20140310183124.0 | ||
| 008 | 130515t xxu||||| |||| 00| 0 eng d | ||
| 020 | _a9789712347207 | ||
| 050 |
_aPL 6055 _b.G146 2007 |
||
| 082 |
_a F808.0427 _b.P14 2007 |
||
| 245 |
_aPagbasa at pagsulat : _btungo sa pananaliksik / _cGalang, Teresita T. |
||
| 260 |
_aQuezon City : _bRex Book Store, Inc. _c2007 |
||
| 300 |
_axi, 218 p. : _bill. ; _c23 cm |
||
| 521 | _acollege students | ||
| 526 | _c1210L-1700L | ||
| 541 | _j1 | ||
| 562 | _e1 | ||
| 942 |
_2lcc _cBK _kFIL |
||
| 999 |
_c18994 _d18994 |
||